Längste Flüsse Deutschlands - EXTREM - Statistiken

Allgemein
  • Dieses Quiz wurde 3.011 mal gespielt
    2.964 seit der letzten Aktualisierung
  • Das Durchschnittsergebnis liegt bei 64 aus 200
Antwortstatistiken
Rang Fluss Gesamtlänge Mündungsgewässer % Korrekt
1. Donau 2.857 km Schwarzes Meer
99%
2. Rhein 1.236 km Nordsee
99%
3. Elbe 1.091 km Nordsee
98%
7. Main 524 km Rhein
95%
168. Roter Main 62 km Main
95%
5. Weser 744 km Nordsee
95%
171. Weser 62 km Ourthe
95%
4. Oder 866 km Ostsee
94%
8. Inn 517 km Donau
93%
10. Spree 400 km Havel
93%
6. Mosel 544 km Rhein
92%
12. Neckar 367 km Rhein
91%
53. Fränkische Saale 142 km Main
89%
13. Havel 325 km Elbe
89%
16. Isar 295 km Donau
89%
9. Saale 413 km Elbe
89%
11. Ems 371 km Nordsee
88%
28. Fulda 220 km Weser
87%
29. Ruhr 219 km Rhein
85%
20. Aller 260 km Weser
81%
19. Lech 264 km Donau
81%
24. Saar 235 km Mosel
79%
23. Lahn 245 km Rhein
77%
26. Lippe 222 km Rhein
77%
18. Leine 281 km Aller
76%
15. Werra 300 km Weser
73%
21. Weiße Elster 257 km Saale
72%
35. Schwarze Elster 188 km Elbe
70%
65. Freiberger Mulde 124 km Mulde
69%
17. Mulde 290 km Elbe
69%
45. Zwickauer Mulde 166 km Mulde
69%
46. Naab 165 km Donau
68%
38. Regen 177 km Donau
66%
31. Unstrut 192 km Saale
65%
47. Sieg 155 km Rhein
63%
22. Lausitzer Neiße 256 km Oder
62%
60. Ilm 129 km Saale
60%
116. Ilm 82 km Abens
60%
196. Regnitz 58 km Main
60%
51. Iller 147 km Donau
58%
70. Wupper 117 km Rhein
58%
55. Peene 142 km Ostsee
57%
78. Enz 105 km Neckar
56%
80. Oker 105 km Aller
56%
25. Salzach 225 km Inn
56%
39. Eder 176 km Fulda
55%
14. Eger 316 km Elbe
55%
40. Sauer 173 km Mosel
55%
111. Sauer 85 km Rhein
55%
52. Warnow 143 km Ostsee
55%
101. Nidda 90 km Main
54%
63. Nahe 125 km Rhein
52%
42. Bode 169 km Saale
51%
66. Trave 124 km Ostsee
51%
37. Vechte 182 km Zwarte Water
51%
34. Eider 188 km Nordsee
49%
85. Uecker / Ucker 103 km Ostsee
48%
107. Ahr 85 km Rhein
47%
77. Ilmenau 107 km Elbe
47%
49. Wertach 151 km Lech
47%
27. Altmühl 220 km Donau
46%
87. Pegnitz 101 km Regnitz
46%
129. Abens 76 km Donau
42%
58. Lesum 131 km Weser
42%
145. Issel / Oude Ijssel 70 km IJssel
41%
110. Prüm 85 km Sauer
41%
62. Zschopau 128 km Freiberger Mulde
41%
126. Our 78 km Sauer
38%
59. Tauber 130 km Main
37%
33. Jagst 189 km Neckar
36%
41. Rur 170 km Maas
36%
44. Kocher 168 km Neckar
35%
95. Kinzig 93 km Rhein
33%
117. Kinzig 82 km Main
33%
108. Gera 85 km Unstrut
30%
32. Hunte 189 km Weser
29%
43. Hase 169 km Else / Ems
28%
30. Elde 208 km Elbe
27%
113. Emscher 84 km Rhein
27%
81. Erft 103 km Rhein
26%
159. Ilz 65 km Donau
26%
92. Schwalm 97 km Eder
25%
67. Elz 121 km Rhein
24%
121. Rems 80 km Neckar
23%
122. Waldnaab 80 km Naab
23%
68. Wümme 118 km Lesum
23%
36. Amper 185 km Isar
22%
151. Chemnitz 67 km Zwickauer Mulde
22%
64. Rhin 125 km Havel
21%
135. Lauter 74 km Rhein
20%
93. Dahme 95 km Spree
19%
98. Nagold 91 km Enz
19%
48. Oste 153 km Nordsee
19%
99. Wutach 91 km Rhein
19%
162. Fils 63 km Neckar
18%
96. Friedberger Ach 92 km Donau
18%
61. Lenne 129 km Ruhr
18%
163. Nidder 63 km Nidda
18%
56. Paar 134 km Donau
18%
50. Alz 150 km Inn
17%
74. Diemel 110 km Weser
17%
177. Ohm 60 km Lahn
17%
75. Vils 110 km Donau
17%
106. Vils 87 km Naab
17%
127. Vils 78 km Naab
17%
199. Wiese 58 km Rhein
17%
133. Aisch 75 km Regnitz
16%
123. Murg 79 km Rhein
16%
97. Wipper 92 km Unstrut
16%
112. Wipper 85 km Saale
16%
104. Große Aue 88 km Weser
15%
88. Innerste 100 km Leine
15%
54. Kyll 142 km Mosel
15%
194. Luhe 58 km Ilmenau
15%
69. Niers 117 km Maas
15%
102. Pleiße 90 km Weiße Elster
15%
84. Saalach 103 km Salzach
15%
200. Burgdorfer Aue 57 km Aller
14%
144. Werre 72 km Weser
14%
140. Argen / Untere Argen 72 km Rhein
13%
156. Bille 65 km Elbe
13%
100. Glan 90 km Nahe
13%
120. Itz 80 km Main
13%
72. Loisach 114 km Isar
13%
170. Schwentine 62 km Kieler Förde / Ostsee
13%
150. Wetter 68 km Nidda
13%
57. Wörnitz 132 km Donau
13%
89. Blies 99 km Saar
12%
94. Dosse 94 km Havel
12%
154. Haune 67 km Fulda
12%
76. Rott 109 km Inn
12%
169. Schussen 62 km Rhein
12%
105. Stör 87 km Elbe
12%
124. Tiroler Achen 79 km Chiemsee
12%
139. Treene 73 km Eider
12%
86. Wied 102 km Rhein
12%
186. Alme 59 km Lippe
11%
195. Mangfall 58 km Ilm
11%
190. Nette 59 km Rhein
11%
73. Nied 114 km Saar
11%
181. Schwarzach 60 km Naab
11%
182. Schwarzach 60 km Rednitz
11%
174. Weißeritz / Wilde Weißeritz 61 km Elbe
11%
128. Wiesent 78 km Regnitz
11%
146. Agger 68 km Sieg
10%
90. Fuhse 98 km Aller
10%
109. Große Laber 85 km Donau
10%
118. Helme 81 km Unstrut
10%
193. Löbauer Wasser 58 km Spree
10%
134. Mindel 75 km Donau
10%
83. Ohre 103 km Elbe
10%
132. Schwarze Laber 76 km Donau
10%
153. Werse 67 km Ems
10%
71. Berkel 114 km IJssel
9%
147. Böhme 68 km Aller
9%
103. Dinkel 89 km Vechte
9%
125. Flöha 78 km Zschopau
9%
157. Fränkische Rezat 65 km Rednitz
9%
130. Isen 76 km Inn
9%
91. Milde-Biese-Aland 97 km Elbe
9%
160. Nuthe 65 km Havel
9%
178. Parthe 60 km Weiße Elster
9%
179. Pfinz 60 km Rhein
9%
148. Randow 68 km Uecker
9%
142. Recknitz 72 km Saaler Bodden / Ostsee
9%
149. Tollense 68 km Peene
9%
167. Emmer 62 km Weser
8%
175. Haidenaab 60 km Naab
8%
141. Leda 72 km Ems
8%
136. Lieser 74 km Mosel
8%
82. Mies 103 km Berounka
8%
164. Salm 63 km Mosel
8%
131. Schmutter 76 km Donau
8%
152. Selke 67 km Bode
8%
184. Speyerbach 60 km Rhein
8%
114. Stepenitz 84 km Elbe
8%
166. Wern 63 km Main
8%
192. Weschnitz 59 km Rhein
8%
187. Elzbach 59 km Mosel
7%
79. Große Röder 105 km Schwarze Elster
7%
119. Helbe 80 km Unstrut
7%
138. Jeetze / Jeetzel 73 km Elbe
7%
161. Nister 64 km Sieg
7%
191. Rench 59 km Rhein
7%
173. Selz 61 km Rhein
7%
115. Wesenitz 83 km Elbe
7%
185. Zusam 60 km Donau
7%
172. Nims 61 km Prüm
6%
197. Schunter 58 km Oker
6%
143. Sude 72 km Elbe
6%
137. Trebel 74 km Peene
6%
198. Wondreb 58 km Eger
6%
188. Fuhne 59 km Mulde / Saale
5%
158. Gennach 65 km Wertach
5%
176. Nebel 60 km Warnow
5%
180. Pulsnitz 60 km Schwarze Elster
5%
183. Sempt 60 km Isar
5%
165. Weida 63 km Weiße Elster
5%
155. Löcknitz 66 km Elbe
4%
189. Mildenitz 59 km Warnow
4%
Keine übereinstimmenden Quizze gefunden
Verteilung der Resultate
Anzahl Personen mit jedem Resultat
Perzentil nach korrekt beantworteten Fragen
Ihre Resultats-Entwicklung
Sie haben dieses Quiz seit der letzten Aktualisierung nicht gespielt